Základy súkromného podnikania Čo má podnikateľ vedieť

Saved in:
Bibliographic Details
Main Author: Cigánik, Peter
Other Authors: Strähle, Juraj
Format: Book
Language:Slovak
Published: Žilina HERMES 1993
Edition:1. vyd.
Subjects:
Tags: Add Tag
No Tags, Be the first to tag this record!

MARC

LEADER 00000nam a2200000 4500
001 c005335
005 20221214083832.2
020 |a 80-85445-03-4 
041 0 |a slo 
044 |a SK 
245 1 0 |a Základy súkromného podnikania  |b Čo má podnikateľ vedieť  |c Peter Cigánik, Juraj Strähle 
250 |a 1. vyd. 
264 1 |a Žilina  |b HERMES  |c 1993 
300 |a 38 s. 
610 2 0 |a podnikanie súkromné 
610 2 0 |a poradenstvo 
610 2 0 |a informácie 
610 2 0 |a kapitál 
610 2 0 |a vzťahy pracovnoprávne 
610 2 0 |a zabezpečenie sociálne 
610 2 0 |a živnosti 
610 2 0 |a dane 
610 2 0 |a účtovníctvo 
100 1 |a Cigánik, Peter 
700 1 |a Strähle, Juraj